| 000 | 00806nam a22002657i 4500 | ||
|---|---|---|---|
| 999 |
_c168180 _d168180 |
||
| 005 | 20180821085509.0 | ||
| 007 | ta | ||
| 008 | 180706s2015 cc a|||j||||| 00| 0 chi d | ||
| 020 |
_a9787549234684 _cRM 19.00 _qpaperback |
||
| 040 |
_aPPAK _beng _cPPAK _erda |
||
| 082 |
_223 _a495.1 |
||
| 090 |
_a495.1 _bFEN _dK |
||
| 245 |
_aFeng shi zen yang xing cheng du = _bHow is the wind formed / _cZhou Chong |
||
| 250 | _aDi 1 ban | ||
| 264 |
_aWuhan : _bChangjiang chuban she, _c2015 |
||
| 300 |
_a30 pages : _bcolour illustrations ; _c23 cm |
||
| 336 |
_2rdacontent _atext |
||
| 337 |
_2rdamedia _aunmediated |
||
| 338 |
_2rdacarrier _avolume |
||
| 490 | _aThe mystery of nature | ||
| 650 | _aChinese language, Readers | ||
| 700 |
_aZhou, Chong, _eeditor |
||
| 830 | _aThe mystery of nature | ||
| 942 |
_2ddc _cB |
||